Customs modernization handbook

Detalles Bibliográficos
Otros Autores: Sokol, Jos ̌B, Wulf, Luc de, 1942-
Formato: Desconocido
Lenguaje:inglés
Publicado: Washington, DC : World Bank, 2005
Materias:
Acceso en línea:Acceso restringido

MARC

LEADER 00000ny a22000003n 4500
005 2011062100320.0
006 m u
007 cr cn|||||||||
008 040928s2005 dcu sb i001 0 eng d
010 |z 2004059856 
020 |a 9780821357514 
035 |a 2245 
040 |a CaPaEBR  |c CaPaEBR  |d vlex 
050 1 4 |a HJ7390  |b .C86 2005eb 
082 0 4 |a 352.4/48/091724  |2 22 
090 |c 1274  |d 1274 
245 0 0 |a Customs modernization handbook  |h [Recurso electrn̤ico]  |c edited by Luc de Wulf, Jos ̌B. Sokol 
256 0 0 |a Servicio en ln̕ea 
260 |a Washington, DC :  |b World Bank,  |c 2005 
300 |a xxiv, 327 p 
504 |a Includes bibliographical references and index 
506 1 |a Contenido solo disponible en los productos indicados  |d vLex Global  |d vLex Global (Academic Edition, excluding Law Schools)  |d vLex Global (U.S. Academic Edition, Law Schools)  |d vLex Global (U.S. Academic Edition, excluding Law Schools)  |d vLex Global (Academic Edition, Law Schools) 
650 0 4 |a Arancel de aduanas 
700 1 |a Sokol, Jos ̌B 
700 1 |a Wulf, Luc de,  |d 1942- 
740 0 |a vLex Libros (Servicios en ln̕ea) 
856 4 0 |z Acceso restringido  |u http://vlex.com/source/2245 
942 |c BOOK 
999 0 |a Customs administration  |z Developing countries 
999 0 |a International trade  |z Developing countries 
999 0 |a Electronic books.